A marketing-mix hatékonyságának vizsgálata a Coca-Cola vállalati gyakorlatában
| Szerző: | |
|---|---|
| További közreműködők: | |
| Dokumentumtípus: | Diplomadolgozat |
| Kulcsszavak: | 4P modell marketing-mix piacorientáció stratégia üzleti cél |
| Online Access: | http://dolgozattar.uni-bge.hu/59941 |
MARC
| LEADER | 00000nta a2200000 i 4500 | ||
|---|---|---|---|
| 001 | dolg59941 | ||
| 005 | 20260409145757.0 | ||
| 008 | 260409suuuu hu om 000 hun d | ||
| 040 | |a BGE Dolgozattár Repozitórium |b hun | ||
| 041 | |a hu | ||
| 100 | 1 | |a Papp Gergő Trisztán | |
| 245 | 1 | 2 | |a A marketing-mix hatékonyságának vizsgálata a Coca-Cola vállalati gyakorlatában |c Papp Gergő Trisztán |h [elektronikus dokumentum] |
| 520 | 3 | |a A marketing-mix, a modern marketing egyik legismertebb, legtöbbször alkalmazott keretrendszere, ami minden vállalat marketingstratégiájának alapja. A megfelelő marketingstratégia kidolgozása során a marketing mix minden egyes elemét integrálni kell, mert ez biztosítja a vállalat számára a hosszú távú sikert.A Coca-Cola, mint az egyik legismertebb globális márka, évtizedek óta példa arra, hogy egy vállalat hogyan tudja hatékonyan integrálni a marketingmix elemeket marketingstratégiájába. Témaválasztásom egyik oka egyrészt a szakmai érdeklődésem a marketing területe iránt, ezen belül is a stratégiai eszközök alkalmazásainak lehetőségei és azok gyakorlati megvalósítása. A választott cég, a Coca-Cola stratégiájának elemzése olyan lehetőséget tud biztosítani számomra, hogy mélyebben is meg tudjam érteni, hogyan képes egy vállalat több évtizede a piacon maradni és globális vezető szerepet betölteni. | |
| 695 | |a 4P modell | ||
| 695 | |a marketing-mix | ||
| 695 | |a piacorientáció | ||
| 695 | |a stratégia | ||
| 695 | |a üzleti cél | ||
| 700 | 1 | |a Békési Gábor György |e ths | |
| 856 | 4 | 0 | |u http://dolgozattar.uni-bge.hu/59941/1/Papp%20Gerg%C5%91%20-%20Szakdolgozat.pdf |z Dokumentum-elérés |
| 856 | 4 | 0 | |u http://dolgozattar.uni-bge.hu/59941/2/BA%20KM%20magyar%20b%C3%ADr%C3%A1lati%20lap%20BELS%C5%90_Papp_Gergo_Trisztan.pdf |z Dokumentum-elérés |
| 856 | 4 | 0 | |u http://dolgozattar.uni-bge.hu/59941/3/PAPP%20GERG%C5%90%20TRISZT%C3%81N%20-%20BA%20KM%20magyar%20b%C3%ADr%C3%A1lati%20lap%20K%C3%9CLS%C5%90-SF.pdf |z Dokumentum-elérés |